Thiên ma giáo
Saved in:
| Main Author: | |
|---|---|
| Format: | Book |
| Language: | Undetermined |
| Published: |
Thanh Hóa
Nxb Thanh Hóa
2009
|
| Subjects: | |
| Tags: |
Add Tag
No Tags, Be the first to tag this record!
|
| Institutions: | Trung tâm Học liệu Trường Đại học Cần Thơ |
|---|
| LEADER | 00543nam a2200193Ia 4500 | ||
|---|---|---|---|
| 001 | CTU_151402 | ||
| 008 | 210402s9999 xx 000 0 und d | ||
| 020 | |c 37000 | ||
| 082 | |a 895.13 | ||
| 082 | |b S312/T.5 | ||
| 100 | |a Ngoạ, Long Sinh | ||
| 245 | 0 | |a Thiên ma giáo | |
| 245 | 0 | |c Ngoạ Long Sinh | |
| 260 | |a Thanh Hóa | ||
| 260 | |b Nxb Thanh Hóa | ||
| 260 | |c 2009 | ||
| 650 | |a Chinese fiction,Tiểu thuyết cổ điển Trung Quốc | ||
| 904 | |i Năm | ||
| 980 | |a Trung tâm Học liệu Trường Đại học Cần Thơ | ||